00321nam a22001217a 450000500170000002000220001708200160003910000370005524500550009225000070014726000350015430000100018920260311154039.0 a978-1-266-15081-4 a578.77CAS/M aCastro, Peter and Huber, Michael aMarine Biology/cby Peter Castro and Michael Huber a12 a.-NewYorkb:McGraw Hillc,2024 a479p.